2024 Week 10 College Football AP Poll - Statistics

General Stats
  • This quiz has been taken 147 times
  • The average score is 16 of 25
Answer Stats
Answer % Correct
3 Ohio State
97%
1 Oregon
97%
5 Texas
94%
2 Georgia
92%
6 Penn State
90%
11 Alabama
87%
10 Notre Dame
77%
7 Tennessee
77%
12 Boise State
73%
8 Indiana
68%
19 Clemson
67%
13 SMU
63%
14 LSU
62%
16 Ole Miss
62%
4 Miami
61%
15 Texas A&M
61%
9 BYU
55%
18 Army
54%
21 Colorado
53%
17 Iowa State
51%
22 Kansas State
40%
24 Vanderbilt
33%
23 Pittsburgh
29%
20 Washington State
24%
25 Louisville
21%
No matching quizzes found
Score Distribution
Percent of People with Each Score
Percentile by Number Answered
Your Score History
You have not taken this quiz